Kể chuyện Trạng Lường : 1441-1496 /
Tallennettuna:
| Päätekijä: | |
|---|---|
| Aineistotyyppi: | Sách giấy |
| Kieli: | Vietnamese |
| Julkaistu: |
TP.HCM :
Trẻ ,
1999.
|
| Aiheet: | |
| Tagit: |
Lisää tagi
Ei tageja, Lisää ensimmäinen tagi!
|
| Thư viện lưu trữ: | Thư viện Trường Đại học Đà Lạt |
|---|
| LEADER | 00691nam a2200289 4500 | ||
|---|---|---|---|
| 001 | DLU120135486 | ||
| 005 | ##20120523 | ||
| 040 | # | # | |a DLU |b vie |
| 041 | # | # | |a vie |
| 044 | # | # | |a vn |
| 082 | # | # | |a 920.059 7 |b HO-L |
| 100 | # | # | |a Hoàng Liên. |
| 245 | # | # | |a Kể chuyện Trạng Lường : |b 1441-1496 / |c Hoàng Liên. |
| 260 | # | # | |a TP.HCM : |b Trẻ , |c 1999. |
| 300 | # | # | |a 96 tr.; |c 19 cm. |
| 600 | # | # | |a Luơng Thế Vinh, |d 1441-1496 |v Giai thoại. |
| 923 | # | # | |a 01/2012DP |
| 991 | # | # | |a SH |
| 992 | # | # | |a 9000 |
| 994 | # | # | |a KDP |
| 900 | # | # | |a True |
| 911 | # | # | |a Đào Thị Thu Huyền |
| 925 | # | # | |a G |
| 926 | # | # | |a A |
| 927 | # | # | |a SH |
| 980 | # | # | |a Thư viện Trường Đại học Đà Lạt |